Tìm hiểu pháp luật về giải quyết tranh chấp đất đai

Zapisane w:
Opis bibliograficzny
1. autor: NGUYỄN NGỌC ĐIỆP
Format: Książka
Język:Undetermined
Wydane: Tp. HCM. Nxb. Tp. HCM. 1999
Hasła przedmiotowe:
Etykiety: Dodaj etykietę
Nie ma etykietki, Dołącz pierwszą etykiete!
Thư viện lưu trữ: Trung tâm Học liệu Trường Đại học Cần Thơ
LEADER 00583nam a2200169Ia 4500
001 CTU_46872
008 210402s9999 xx 000 0 und d
082 |a 346.5970432 
082 |b Đ307/1999 
100 |a NGUYỄN NGỌC ĐIỆP 
245 0 |a Tìm hiểu pháp luật về giải quyết tranh chấp đất đai 
245 0 |c NGUYỄN NGỌC ĐIỆP 
260 |a Tp. HCM. 
260 |b Nxb. Tp. HCM. 
260 |c 1999 
650 |a land use - law and legislationland tenure - law and legislation 
980 |a Trung tâm Học liệu Trường Đại học Cần Thơ